000 00350nam a2200145Ia 4500
008 191201s2012 xx 000 0 und d
082 _a006.3
_bHAD
100 _aHAN, Jiawei & Kamber
245 0 _aData Mining Concepts and Techniques
250 _aRep
260 _aN.Delhi
_bElsevier
_c2012
300 _a703
650 _aMCA
942 _2ddc
_cBK
_011
999 _c4710
_d4710